Language Learning and Use in English-Medium Higher Education (Запис № 449367)

МАРК-запис
000 -LEADER
fixed length control field 04309nam a22005895i 4500
001 - CONTROL NUMBER
control field 978-3-319-63239-1
003 - CONTROL NUMBER IDENTIFIER
control field DE-He213
005 - DATE AND TIME OF LATEST TRANSACTION
control field 20210118135611.0
007 - PHYSICAL DESCRIPTION FIXED FIELD--GENERAL INFORMATION
fixed length control field cr nn 008mamaa
008 - FIXED-LENGTH DATA ELEMENTS--GENERAL INFORMATION
fixed length control field 170802s2017 gw | s |||| 0|eng d
020 ## - INTERNATIONAL STANDARD BOOK NUMBER
International Standard Book Number 9783319632391
-- 978-3-319-63239-1
024 7# - OTHER STANDARD IDENTIFIER
Standard number or code 10.1007/978-3-319-63239-1
Source of number or code doi
050 #4 - LIBRARY OF CONGRESS CALL NUMBER
Classification number PE1-3729
072 #7 - SUBJECT CATEGORY CODE
Subject category code CB
Source bicssc
072 #7 - SUBJECT CATEGORY CODE
Subject category code LAN000000
Source bisacsh
072 #7 - SUBJECT CATEGORY CODE
Subject category code CB
Subject category code subdivision 2ACB
Source thema
082 04 - DEWEY DECIMAL CLASSIFICATION NUMBER
Classification number 420
Edition number 23
100 1# - MAIN ENTRY--PERSONAL NAME
Personal name Blaj-Ward, Lia.
Relator term author.
Relator code aut
-- http://id.loc.gov/vocabulary/relators/aut
245 10 - TITLE STATEMENT
Title Language Learning and Use in English-Medium Higher Education
Medium [electronic resource] /
Statement of responsibility, etc by Lia Blaj-Ward.
250 ## - EDITION STATEMENT
Edition statement 1st ed. 2017.
264 #1 -
-- Cham :
-- Springer International Publishing :
-- Imprint: Palgrave Macmillan,
-- 2017.
300 ## - PHYSICAL DESCRIPTION
Extent X, 145 p.
Other physical details online resource.
336 ## -
-- text
-- txt
-- rdacontent
337 ## -
-- computer
-- c
-- rdamedia
338 ## -
-- online resource
-- cr
-- rdacarrier
347 ## -
-- text file
-- PDF
-- rda
505 0# - FORMATTED CONTENTS NOTE
Formatted contents note Chapter 1. Introduction -- Chapter 2. Language learner histories: Points of departure for university study -- Chapter 3. Words, words, words -- Chapter 4. Spoken English on the EMI campus -- Chapter 5. Reading practices in academic settings -- Chapter 6. Parameters of English language development provision in EMI -- Chapter 7. Conclusion.
520 ## - SUMMARY, ETC.
Summary, etc This book critically refines and adds depth to current understandings and practices in EAP (English for Academic Purposes) and EMI (English-Medium Instruction), using empirical research examining the experiences of English language learning and use of undergraduate and postgraduate international students in the UK. The author illuminates the language learning that takes place in and around English-medium higher education settings, both formally and informally, with a specific focus on courses with a creative or professional practice orientation. Drawing on theoretical insights from socio-cultural Second Language Acquisition, this volume capitalises on the synergies between applied linguistics and higher education research to paint a richer picture of the interactions facilitating student growth as confident and competent communicators in globalised academic and professional settings. Considering the broader implications of language development initiatives, this volume will be of interest to students and scholars of applied linguistics, English as a Second Language and second language acquisition. Lia Blaj-Ward is Senior Lecturer at Nottingham Trent University, where she coordinates in-sessional EAP provision for courses with an art, design or built environment focus. She is the author of Researching Contexts, Practices and Pedagogies in English for Academic Purposes (Palgrave Macmillan, 2014).
506 ## - RESTRICTIONS ON ACCESS NOTE
Terms governing access Available to subscribing member institutions only. Доступно лише організаціям членам підписки.
506 ## - RESTRICTIONS ON ACCESS NOTE
Standardized terminology for access restriction Online access from local network of NaUOA.
506 ## - RESTRICTIONS ON ACCESS NOTE
Standardized terminology for access restriction Online access with authorization at https://link.springer.com/
506 ## - RESTRICTIONS ON ACCESS NOTE
Standardized terminology for access restriction Онлайн-доступ з локальної мережі НаУОА.
506 ## - RESTRICTIONS ON ACCESS NOTE
Standardized terminology for access restriction Онлайн доступ з авторизацією на https://link.springer.com/
650 #0 - SUBJECT ADDED ENTRY--TOPICAL TERM
Topical term or geographic name as entry element English language.
650 #0 - SUBJECT ADDED ENTRY--TOPICAL TERM
Topical term or geographic name as entry element Discourse analysis.
650 #0 - SUBJECT ADDED ENTRY--TOPICAL TERM
Topical term or geographic name as entry element Language and education.
650 #0 - SUBJECT ADDED ENTRY--TOPICAL TERM
Topical term or geographic name as entry element Multilingualism.
650 14 - SUBJECT ADDED ENTRY--TOPICAL TERM
Topical term or geographic name as entry element English.
-- http://scigraph.springernature.com/things/product-market-codes/N49000
650 24 - SUBJECT ADDED ENTRY--TOPICAL TERM
Topical term or geographic name as entry element Discourse Analysis.
-- http://scigraph.springernature.com/things/product-market-codes/N51000
650 24 - SUBJECT ADDED ENTRY--TOPICAL TERM
Topical term or geographic name as entry element Language Education.
-- http://scigraph.springernature.com/things/product-market-codes/O23000
650 24 - SUBJECT ADDED ENTRY--TOPICAL TERM
Topical term or geographic name as entry element Multilingualism.
-- http://scigraph.springernature.com/things/product-market-codes/N55000
710 2# - ADDED ENTRY--CORPORATE NAME
Corporate name or jurisdiction name as entry element SpringerLink (Online service)
773 0# - HOST ITEM ENTRY
Title Springer eBooks
776 08 - ADDITIONAL PHYSICAL FORM ENTRY
Display text Printed edition:
International Standard Book Number 9783319632384
776 08 - ADDITIONAL PHYSICAL FORM ENTRY
Display text Printed edition:
International Standard Book Number 9783319632407
776 08 - ADDITIONAL PHYSICAL FORM ENTRY
Display text Printed edition:
International Standard Book Number 9783319875057
856 40 - ELECTRONIC LOCATION AND ACCESS
Uniform Resource Identifier <a href="https://doi.org/10.1007/978-3-319-63239-1">https://doi.org/10.1007/978-3-319-63239-1</a>
912 ## -
-- ZDB-2-SLS
942 ## - ADDED ENTRY ELEMENTS (KOHA)
Koha item type ЕКнига

Немає доступних примірників.